Evénements du 3 août - Statistiques

Statistiques générales
  • Ce quiz a été pris 34 fois
  • Le résultat moyen est 11 sur 15
Statistiques - réponses
Hint Réponse % Correct
Départ de Christophe Colomb 1492
100%
L'Allemagne déclare la guerre à la France 1914
97%
Adolf Hitler devient président du 3e Reich 1934
97%
Les Carolingiens battent les Vikings à Saucourt 881
87%
Prise de Calais par Edouard III 1347
77%
Annexion des pays baltes par l'URSS 1940
77%
Indépendance du Niger 1960
77%
Le parlement turc abolit la peine de mort 2002
71%
Naissance de Mathieu Kassovitz 1967
68%
Sacre de Louis VI le Gros 1108
61%
Ouverture de la Scala à Milan 1778
58%
Dernier concert des Beatles au Cavern Club à Liverpool 1963
58%
Création de l'entreprise de pneumatiques Firestone 1900
55%
Signature de la Paix des Dames 1529
48%
Création du conservatoire de musique de Paris 1795
35%
Aucun quiz correspondant
Distribution des résultats
% des personnes avec chaque résultat
Percentile par nombre de réponses
Votre historique - résultats
Vous n’avez pas pris ce quiz